| 000 | 00511cam a22001932 4500 | ||
|---|---|---|---|
| 001 | 0000002874 | ||
| 005 | 20151217151906.0 | ||
| 008 | 070420s xx 000 0 eng d | ||
| 020 | _a 037571331X : | ||
| 040 |
_aKABU _cKABU |
||
| 050 | 0 |
_aPS3562 _b.A93E27 |
|
| 100 | 1 |
_aLavalle, Victor D. _@0000152382 |
|
| 245 | 1 | 4 |
_aThe Ecstatic : _ba novel. |
| 260 |
_aNew York : _bVintage Books, _c2002. |
||
| 300 | _a272 p. | ||
| 908 | _a070420 | ||
| 950 | _@1 | ||
| 999 |
_c6071 _d6071 |
||